000 00666nam a2200253Ia 4500
003 OSt
005 20221007065651.0
006 a|||||r|||| 00| 0
007 ta
008 221006b |||||||| |||| 00| 0 eng d
020 _cRs.200/-
024 _a9,651
037 _cReference Collections
040 _aFLL
_cFLL
_beng
041 _2eng
_aeng
082 _aZ2,2,4, P5
100 _aShukla S.N. Au.
245 0 _aTransfer of property act
250 _a25th
260 _aFaridabad
_bAllahabad law agency India
_c2005
300 _a471p
_ccm.
942 _hZ2,2,4, P5
_cREF
_2CC
999 _c1137964
_d1137964